Statistics for Natewantstobattle anime song cover quiz

Click here to take the quiz!

General Stats

  • This quiz has been taken 110 times
    (30 since last reset)
  • The average score is 9 of 72

Answer Stats

Song LyricsAnimeSong Name% Correct
"We are fighting dreamers"NarutoGo!!
62%
"If everyone is not special, maybe you can be what you want to be"Mob Psycho 10099
48%
"Because i lost my voice while doing the same"Fairy TailSnow Fairy
48%
"Cruel fate sets in motion and no one else knows why"My Hero AcademiaPeace Sign
43%
"Channel the anger swelling inside you"Attack on TitanGuren no Yumiya
38%
"and in this twisted world i can now feel myself, I'm fading away falling under your spell"Tokyo GhoulUnravel
38%
"It takes some time to realize, why I need to be strong, take my mind, take my soul, then we'll go"Demon SlayerGurenge
33%
"Coming down, can you feel the satisfaction"Mob Psycho 10099.9
29%
"I wanna be the very best"PokemonPokemon Theme
29%
"Late into the night i hear it stormin'"My Hero AcademiaThe Day
29%
"Don't Stop us now, the moment of truth"Yuri on IceHistory Maker
24%
"Now we can find a way through the fire and the flames, now it's burning through my heart just like a melody"Fire ForceInferno
24%
"All eyes are on me, now I see what they see in me"My Hero AcademiaMake My Story
24%
"Maybe I can find a way to escape the lies, have I only seen the world from blurry eyes"My Hero AcademiaOdd Future
24%
"Say Goodbye, I don't have the strength to let it all end"My Hero AcademiaPolaris
24%
"Dont do it for the glory or the fame, i'll go on knowing no one knows my name"One Punch ManThe Hero
24%
"I can't deny this is a calling, humanity is falling"Death NoteThe World
24%
"You give me light when I have lost my way I fall asleep 'cause I always find you in my dreams"Sword Art OnlineCrossing Field
19%
"We'll offer up, we'll offer up"Attack on TitanShinzou wo Sasageyo
19%
"Let's dye this world, even if can't grasp this sword, all I need is finding strength we can catch this game"Black CloverBlack Catcher
14%
"Stand up get all in line for the show, useful, not gonna stop i'm gonna break for"Haven't you heard, I'm SakamotoCoolest
14%
"Everybody put your hands up, now we're flying spread your wings out"Death ParadeFlyers
14%
"Everything surrounding me, leaving me, with nothing left to say"My Hero AcademiaHeroes
14%
"I keep calling out to you, maybe one day i'll meet you where you've ended up"ParasyteLet Me Hear
14%
"I waited for you, I waited for you"ErasedRe:Re
14%
"I realize the screaming pain, hear it loud in my brain"Naruto ShippudenSIgn
14%
"We don't know, We don't know enough about it"Naruto ShippudenSilhouette
14%
"Hope I fall in love once again, this time it won't end"Luck and LogicStory
14%
"And I will scream from the top of my lungs I'm living to fulfill my hopes"Full Metal Alchemist BrotherhoodAgain
10%
"Can someone give me the answer to my question"OverloadClattanoia
10%
"Are we really truthless, you know this world is fading so useless"OverlordGo Cry Go
10%
"We're running off, head on into our future"Black CloverHaruka Mirai
10%
"Now is our time for action, Hey you are gonna be somebody"7 Deadly SinsHowling
10%
"Two become one, our souls have been connected"Soul EaterResonance
10%
"I cut right through the wreckage and look on to the sunset"My Hero AcademiaSora ni Utaeba
10%
"Hand to hand and heart to heart, we're shining brighter than a star"My Hero AcademiaStar Maker
10%
"If we both shine through we'll cross that line together"Bungou Stray DogsTrash Candy
10%
"With the strongest tides, we'll drown our sorrows"Fairy TailBelieve in Myself
5%
"I'm falling down into my shadow, holding in my every breath"Soul EaterBlack Paper Moon
5%
"Black clouds above me now will rain on me"Blue ExorcistCore Pride
5%
"We're throwing out our worries today, we're gonna dance the night away"Jojo's Bizarre AdventureCrazy Noisy Bizarre Town
5%
"Don't stop don't stop we're in luck now"Dragonball Z KaiDragon Soul
5%
"From the United K"Soul EaterExcalibur's Song
5%
"Calling it all off it ends tonight, it's not like anything will change if I don't fight"Rage of BahamutExistence
5%
"Have I been living in a world made of paper mache"Black CloverGamushara
5%
"Make excuses avoid the conflict, fake a smile they wont see you cover up"Dimension WGenesis
5%
"I've been waiting for someone to come, i'm alone in darkness waiting for more"NoragamiGoya no Machiawase
5%
"If you can forgive, maybe you can forget, let grudges fade, or they'll eat at you"Blue ExorcistItteki no Eikyou
5%
"If i could open my eyes and ears, it's all a dream is what i hope i'd hear"Tokyo GhoulKatharsis
5%
"So now eins zwei drei soon we will synchronize"Future DiaryKuusou Mesorogiwi
5%
"The fumes intoxicate the tastes that stimulates"Noragami AragatoKyouran Hey Kids!!
5%
"I need you to lend me your love, do me this it will open the gate"Divine GateOne Me Two Hearts
5%
"Everybody wants to be a master"PokemonPokemon Johto
5%
"When you're around I get knocked down, why must we go through all this everytime"Assassination ClassroomQuestion
5%
"It feels as though i'm sleeping now, am i drunk or am i dreaming now"Black CloverRakugaki Page
5%
"It was like a nightmare, it's painful for me cause nobody wants to die too fast"Attack On TitanReluctant Heroes
5%
"Ask if you can hear the sound"Gurren LagannSorairo Days
5%
"Shut up loser you thought it would be easy, you run like zombies"Prince of Stride: AlternativeStriders High
5%
"and if they try to tell me my own fate, i'll turn it around won't hesitate"Fairy TailStrike Back
5%
"The battlefield is bright the sun it shines today"The ____ WarThe Asterisk War
5%
"Passing through it it's right there, you can do it don't you dare be scared"The Promised NeverlandTouch off
5%
"The pain and the pleasure all come together there is no reason why."7 Deadly Sins7 Deadly Sins
0%
"If I laugh as I go out to meet the end"Free! Eternal SummerDried Up Youthful Fame
0%
"Look you in the eye, telling you to drop down and die"BakiFire Ground
0%
"If we suppose that I am not who I say"Attack on TitanGreat Escape
0%
"What am I to be, what is my calling"My Hero AcademiaHero Too
0%
"The path I avoided deep within is looking like my only option"Blue ExorcistIn My World
0%
"Every word that you said, echoes off in my head"ParasyteIt's the Right Time
0%
"When everything is gone, you'll wish you only heard a sound"Fire ForceMayday
0%
"Wake up to this nightmare that will never end"Deadman WonderlandOne Reason
0%
"Oh yeah, screaming out reaching far"Fairy TailThe Rock City Boy
0%
"It's time to let my shattered dreams Become this world's reality"Code Geass Lelouch of the Rebellion R2World End
0%

Score Distribution

Percentile by Number Answered

Percent of People with Each Score

Your Score History

You have not taken this quiz since the last reset